000 02049nam a2200505Ii 4500
001 DIGAKAL0193
003 NyNyDIG
008 161029s2014 sp ob 000 0 spa d
006 m o d
007 cr |||||||||||
035 _a(OCoLC)904689679
040 _aDGITA
_beng
_erda
_epn
_cDGITA
020 _a9788446040248
_q(eBook ;
_qePub)
020 _a8446040247
_q(eBook ;
_qePub)
020 _z9788446040002
020 _z844604000X
041 1 _aspa
_heng
043 _an-us---
050 1 4 _aE744 ebook
082 0 4 _a327.7300904
_223
100 1 _aAnderson, Perry,
_eauthor.
240 1 0 _aAmerican foreign policy and its thinkers.
_lSpanish
245 1 0 _aImperium et Consilium :
_bla política exterior norteamericana y sus teóricos /
_cPerry Anderson ; traducción de Jaime Blasco Castiñeyra.
246 3 0 _aPolítica exterior norteamericana y sus teóricos
264 1 _aTres Cantos, Madrid, España :
_bEdiciones Akal, S.A.,
_c[2014]
300 _a1 online resource.
336 _atext
_btxt
_2rdacontent
337 _acomputer
_bc
_2rdamedia
338 _aonline resource
_bcr
_2rdacarrier
504 _aIncludes bibliographical references.
588 0 _aOnline resource; title from ePub title page (Digitalia, viewed October 29, 2016)
651 0 _aUnited States
_xForeign relations
_y1945-1989.
651 0 _aUnited States
_xForeign relations
_y1989-
650 0 _aImperialism
_xHistory
_y20th century.
650 0 _aImperialism
_xHistory
_y21st century.
655 0 _aElectronic books.
700 1 _aBlasco Castiñeyra, Jaime,
_etranslator.
700 1 _iTranslation of:
_aAnderson, Perry.
_tAmerican foreign policy and its thinkers.
791 2 _aDigitalia (Firm),
_edistributor.
793 0 _gDigitalia eBook Collection:
_aAkal
776 0 8 _iPrint version:
_aAnderson, Perry.
_tImperium et Consilium.
_dTres Cantos, Madrid, España : Ediciones Akal, 2014.
_z9788446040002
856 4 0 _3Digitalia Hispánica
_uhttps://www.digitaliapublishing.com/a/37674/
910 _aPremium Collection: 2016
942 _cRAA
999 _c243731
_d243731